[Event "MNT-chT 1st League"]
[Site "Podgorica"]
[Date "2019.07.27"]
[Round "8.5"]
[White "Radulovic, Andrija"]
[Black "Miljanic, Boro"]
[Result "0-1"]
[WhiteElo "1796"]
[BlackElo "2370"]
[PlyCount "52"]
[EventDate "2019.07.20"]
[EventType "team-tourn"]
[EventRounds "9"]
[EventCountry "MNE"]
[SourceTitle "EXT 2020"]
[Source "ChessBase"]
[SourceDate "2019.10.17"]
[SourceVersion "1"]
[SourceVersionDate "2019.10.17"]
[SourceQuality "1"]
[WhiteTeam "Prosvjeta"]
[BlackTeam "Elektroprivreda"]
[WhiteTeamCountry "MNE"]
[BlackTeamCountry "MNE"]

1. e4 g6 2. d4 Bg7 3. Nf3 c6 4. Bd3 d6 5. 0-0 Nd7 6. c3 e5 7. Qb3 Ngf6 8. Bg5 0-0 9. Nbd2 Qc7 10. Nh4 d5 11. exd5 Nxd5 12. c4 N5f6 13. d5 Nc5 14. Qc2 cxd5 15. cxd5 Nxd5 16. Rac1 Nb4 17. Qxc5 Qxc5 18. Rxc5 Nxd3 19. Rb5 b6 20. Rd1 f6 21. Be3 f5 22. Bg5 e4 23. Be7 Re8 24. Ba3 Bd4 25. g3 Bxf2+ 26. Kf1 e3 0-1

[Event "EU-ch Amateur U2000"]
[Site "Niksic"]
[Date "2018.06.16"]
[Round "4"]
[White "Demir, Baran"]
[Black "Radulovic, Andrija"]
[Result "0-1"]
[WhiteElo "1929"]
[BlackElo "1770"]
[PlyCount "86"]
[EventDate "2018.06.14"]
[EventType "swiss"]
[EventRounds "9"]
[EventCountry "MNE"]
[SourceTitle "EXT 2019"]
[Source "ChessBase"]
[SourceDate "2018.10.10"]
[SourceVersion "1"]
[SourceVersionDate "2018.10.10"]
[SourceQuality "1"]

1. c4 c5 2. Nc3 Nc6 3. g3 g6 4. Bg2 Bg7 5. a3 Nf6 6. e4 d6 7. Nge2 Bg4 8. h3 Bd7 9. 0-0 0-0 10. d3 a6 11. f4 e5 12. f5 h5 13. Bg5 Qc8 14. Bxf6 Bxf6 15. Nd5 Bd8 16. fxg6 fxg6 17. Rxf8+ Kxf8 18. Qf1+ Kg7 19. Qf2 Be6 20. Rf1 Ba5 21. Qf6+ Kh7 22. Ne7 Nxe7 23. Qxe7+ Kh6 24. Rf6 Bg8 25. Rxd6 Qe8 26. Qf6 Bf7 27. Qf2 Rc8 28. Rf6 Kg7 29. g4 Bd8 30. Rf3 h4 31. Nc3 Bg5 32. Nd5 Qe6 33. a4 a5 34. Qe1 b6 35. Qc3 Qd6 36. Rf1 Bxd5 37. exd5 Be3+ 38. Kh1 Bd4 39. Qd2 Rf8 40. g5 Rxf1+ 41. Bxf1 Qf8 42. Kg2 Qf5 43. Kh1 Qxf1+ 0-1

[Event "EU-ch Amateur U2000"]
[Site "Niksic"]
[Date "2018.06.16"]
[Round "3"]
[White "Radulovic, Andrija"]
[Black "Flis, Pawel"]
[Result "1/2-1/2"]
[WhiteElo "1770"]
[BlackElo "1934"]
[PlyCount "87"]
[EventDate "2018.06.14"]
[EventType "swiss"]
[EventRounds "9"]
[EventCountry "MNE"]
[SourceTitle "EXT 2019"]
[Source "ChessBase"]
[SourceDate "2018.10.10"]
[SourceVersion "1"]
[SourceVersionDate "2018.10.10"]
[SourceQuality "1"]

1. e4 c5 2. Nf3 d6 3. d4 cxd4 4. Nxd4 Nf6 5. Nc3 a6 6. Bd3 e5 7. Nf3 h6 8. h3 Be6 9. Be3 Be7 10. Qd2 Qc7 11. a3 Nbd7 12. Nh2 Rc8 13. 0-0 b5 14. f4 exf4 15. Bxf4 Ne5 16. Bxe5 dxe5 17. Nf3 0-0 18. Ne2 Rfd8 19. Ng3 Nd7 20. Qe2 Nc5 21. Rfd1 Na4 22. Rab1 Nb6 23. Kh1 Ba2 24. Ra1 Bc4 25. Nf5 Bf8 26. Qf2 Bxd3 27. cxd3 g6 28. Qg3 Nd7 29. Ne3 Qd6 30. Rd2 Qe6 31. Rf1 Bg7 32. Nd5 Nc5 33. b4 Na4 34. Rdf2 Nc3 35. Nh4 Nxd5 36. exd5 Rxd5 37. Rxf7 Rd7 38. Rxd7 Qxd7 39. Qxg6 Rc6 40. Qe4 Rc3 41. Qa8+ Kh7 42. Qe4+ Kg8 43. Qa8+ Kh7 44. Qe4+ 1/2-1/2

[Event "MNT-chT1"]
[Site "Cetinje"]
[Date "2013.08.31"]
[Round "2"]
[White "Popadic, Rajko"]
[Black "Radulovic, Andrija"]
[Result "1/2-1/2"]
[WhiteElo "1932"]
[BlackElo "1791"]
[PlyCount "92"]
[EventDate "2013.08.30"]
[EventType "team-tourn"]
[EventRounds "9"]
[EventCountry "MNE"]
[SourceTitle "CBM 156 Extra"]
[Source "ChessBase"]
[SourceDate "2013.10.22"]
[SourceVersion "1"]
[SourceVersionDate "2013.10.22"]
[SourceQuality "1"]

1. e4 c5 2. Nf3 Nc6 3. d4 cxd4 4. Nxd4 d6 5. Be2 g6 6. Be3 Bg7 7. Nc3 Nf6 8. g4 Qa5 9. 0-0 0-0 10. Nxc6 bxc6 11. h4 Rb8 12. Rb1 Ba6 13. g5 Bxe2 14. Qxe2 Nh5 15. Qc4 Bxc3 16. bxc3 c5 17. a4 a6 18. Kg2 Rb6 19. Rb3 Rfb8 20. e5 Ng7 21. Bf4 Nf5 22. Rh1 Rxb3 23. cxb3 Qb6 24. exd6 exd6 25. Rb1 Nxh4+ 26. Kh3 Nf5 27. Kg2 Qc6+ 28. Kh2 Re8 29. Qd3 Qe4 30. Qxe4 Rxe4 31. Bg3 a5 32. Kg2 Kg7 33. Kf3 Re6 34. b4 cxb4 35. cxb4 axb4 36. Rxb4 h6 37. gxh6+ Kxh6 38. a5 Nxg3 39. fxg3 f5 40. a6 Re8 41. Kf4 Ra8 42. Rb6 d5 43. g4 fxg4 44. Kxg4 d4 45. Rd6 d3 46. Rxd3 Rxa6 1/2-1/2